00213nam a2200085Ia 4500008004100000041000800041100001900049245002800068260003100096230508s2011 xx 000 0 und d aeng aSRINIVASAN M R aPHYSICS FOR ENGINEERING bNEW AGE INTERNATIONAc2011